| 000 | 01227nam a2200277Ia 4500 | ||
|---|---|---|---|
| 999 |
_c50914 _d50914 |
||
| 001 | 17869 | ||
| 003 | GE_BSU | ||
| 005 | 20200226160046.0 | ||
| 008 | 181216s2013 xx |||||||||||||| ||geo|| | ||
| 020 | _a9789941434488 | ||
| 040 | _cGE_BSU | ||
| 041 | _ageo | ||
| 080 | _a665.7(076.5) ნ-69 | ||
| 100 |
_aნიჟარაძე, ე. _91822 |
||
| 245 |
_aნავთობის ქიმიის პრაქტიკუმი : _bდამხმ.სახელმძღვ. / _cე. ნიჟარაძე ; დ. ჩხაიძე ; ზ. მეგრელიშვილი ; რედ. ნინო მხეიძე. |
||
| 264 |
_aბათუმი : _bშოთა რუსთაველის სახ. უნ-ტი _c2013. |
||
| 300 |
_a175გვ. ; _bცხრ. _c20 სმ. |
||
| 300 | _eბიბლ.გვ.173-174 | ||
| 504 | _aბიბლ.გვ.173-174 | ||
| 653 | _aნავთობის ქიმიის პრაქტიკუმი. | ||
| 653 | _aქიმია | ||
| 700 |
_aჩხაიძე, დ _91824 |
||
| 700 |
_aმეგრელიშვილი, ზ _92683 |
||
| 700 |
_aმხეიძე, ნინო _eრედაქტორი _97514 |
||
| 942 |
_cBK _2udc |
||